Revista de derecho de daños 2023 - 3 : daños indemnizables /

Guardado en:
Formato: Libro
Idioma:Spanish
Publicado: Santa Fe : Rubinzal - Culzoni, 2024.
Edición:1a. ed. rev.
Materias:
Etiquetas: Agregar Etiqueta
Sin Etiquetas, Sea el primero en etiquetar este registro!
LEADER 00720nam a22002055a 4500
001 DER.der014978
008 240417s2024####ag#####|###|#|######spa||
005 20240417140742.0
245 1 0 |a Revista de derecho de daños 2023 - 3 :  |b daños indemnizables /  |c Ricardo Luis Lorenzetti, Julio César Rivera. 
250 |a 1a. ed. rev. 
260 |a Santa Fe :  |b Rubinzal - Culzoni,  |c 2024. 
300 |a 821 p. 
020 |a 9789873048975 
700 1 |a Lorenzetti, Ricardo Luis.,  |e dir. 
700 1 |a Rivera, Julio César,  |e dir. 
650 7 |a PREVENCION DEL DAÑO 
650 7 |a DAÑOS RESARCIBLES 
650 7 |a RESPONSABILIDAD DE LOS BUSCADORES DE INTERNET 
650 7 |a DAÑO INFORMATICO 
859 |a DERECHO  |b BIB. DERECHO  |h 346.002  |i REV  |p 0010316